The English Judges: (Record no. 622650)

MARC details
000 -LEADER
fixed length control field 00545nam a22001817a 4500
008 - FIXED-LENGTH DATA ELEMENTS--GENERAL INFORMATION
fixed length control field 260506b |||||||| |||| 00| 0 eng d
020 ## - INTERNATIONAL STANDARD BOOK NUMBER
ISBN 9781841132266
Paper back/Hardbound hbk
041 ## - LANGUAGE CODE
Language code of text/sound track or separate title eng
082 ## - DEWEY DECIMAL CLASSIFICATION NUMBER
Classification number 342.42029 STE
100 ## - MAIN ENTRY--AUTHOR NAME
Personal name Stevens, Robert
245 ## - TITLE STATEMENT
Title The English Judges:
Sub Title Their Role in the Changing Constitution
Statement of responsibility, etc /Robert Stevens;
260 ## - PUBLICATION, DISTRIBUTION, ETC. (IMPRINT)
Place of publication North America
Name of publisher Hart Publishing
Year of publication 2002
300 ## - PHYSICAL DESCRIPTION
Number of Pages xiv, 169p. :
Dimensions 26cm.
504 ## - BIBLIOGRAPHY, ETC. NOTE
Bibliography, etc Includes bibliographies and index
650 ## - SUBJECT ADDED ENTRY--TOPICAL TERM
Topical Term Constitutional & administrative law
942 ## - ADDED ENTRY ELEMENTS (KOHA)
Koha item type English Books
Holdings
Withdrawn status Lost status Damaged status Not for loan Home library Current library Shelving location Date acquired Full call number Accession Number Price effective from Koha item type
        Anna Centenary Library Anna Centenary Library 4TH FLOOR, A WING 30.11.2010 342.42029 STE 381040 06.05.2026 English Books

Find us on the map